| 000 | 01359nam a2200205Ia 4500 | ||
|---|---|---|---|
| 003 | Ost | ||
| 005 | 20260507075057.0 | ||
| 008 | 260507s9999||||xx |||||||||||||| ||und|| | ||
| 040 | _cfsecg | ||
| 041 | _aara | ||
| 082 | _a330 | ||
| 100 |
_aملوخية، أحمد فوزي _eمؤلف |
||
| 245 | 0 |
_aالإقتصاد الكلي / _c أحمد فوزي ملوخية |
|
| 260 |
_aالإسكندرية: _bمكتبة بستان المعرفة, _c[دون تاريخ] |
||
| 300 |
_a466 صفحة؛ _bإيضاحات ؛ _c24 سم |
||
| 504 | _aبيبليوغرافيا ص. 463 | ||
| 520 | _aالمشكلة الاقتصادية والنظم الاقتصادية،في التحليل الاقتصادي الكلي ومنهجه،التحليل الاقتصادي الكلي عند الكلاسيك،التحليل الاقتصادي عند كينز، الإستهلاك، نظريات تحليل سلوك المستهلك،الاستثمار، ظواهر اقتصادية كلية،البنيان الإقتصادي والدخل القومي،العلاقات الاقتصادية في المقتصد القومي والسياسات المالية | ||
| 653 | _aالاقتصاد الكلي | ||
| 942 | _cكتاب | ||
| 999 |
_c42747 _d42747 |
||